00445nam a2200133Ia 4500008004100000024004700041082001700088100006100105245004300166260002600209600002100235650003800256999001700294260210s9999 xx 000 0 und d a14B-89-BS, 14B-126-BS & 14B-131-BS a005.7072 SYE aSyed Fakhar Alam, Syed Bilal Munawar & Sheraz Mohsin 0aPredictive Analysis of Student Success aKarachi:bUITU,c2014 aComputer Science aBachelor of Computer Science (BS) c32267d32267